000 00436nam a2200169Ia 4500
008 131103s9999 xx 000 0 und d
040 _aLoreto College
041 _aEnglish
082 _a264/GHA
_bLCLIB/
100 _aGhardini, Romano
245 4 _aThe Spirit Of The Liturgy
_cRomano Ghardini
260 _aLondon
_bSheed & Ward
_c1930
300 _a149p
_c 18cm
650 _aChristanity
850 _aLCLIB/264/GHA
942 _cBK
999 _c24617
_d75096